[Event "BRA-ch Amateur"]
[Site "Sao Paulo"]
[Date "2011.03.07"]
[Round "6"]
[White "Gotz, Klaus Seiji Furucho"]
[Black "Da Silva, Emerson Soares"]
[Result "1-0"]
[WhiteElo "1641"]
[BlackElo "1777"]
[PlyCount "111"]
[EventDate "2011.03.05"]
[EventType "swiss"]
[EventRounds "7"]
[EventCountry "BRA"]
[SourceTitle "EXT 2014"]
[Source "ChessBase"]
[SourceDate "2013.11.20"]
[SourceVersion "1"]
[SourceVersionDate "2013.11.20"]
[SourceQuality "1"]

1. d4 d5 2. c4 e6 3. Nc3 Nf6 4. Bg5 Nbd7 5. cxd5 exd5 6. e3 c6 7. Nf3 Be7 8. Bd3 0-0 9. 0-0 h6 10. Bf4 Re8 11. Qc2 Nf8 12. Rab1 a5 13. a3 Bd6 14. Bxd6 Qxd6 15. b4 Ne6 16. Rfc1 Nd7 17. Na4 b5 18. Nc5 Nexc5 19. dxc5 Qf6 20. Nd4 Ne5 21. Bf1 Nc4 22. Bxc4 dxc4 23. Rd1 Rd8 24. Nxc6 Rxd1+ 25. Rxd1 Bf5 26. Qxf5 Qxc6 27. h3 axb4 28. axb4 g6 29. Qe5 Re8 30. Qd6 Qe4 31. Qd4 Qc2 32. Qd7 Re6 33. Qd2 Qb3 34. Ra1 Re8 35. c6 c3 36. Qd7 Rf8 37. c7 Qc4 38. Rc1 c2 39. Qd2 Qxc7 40. Qxc2 Qxc2 41. Rxc2 Kg7 42. Rc5 Rb8 43. e4 g5 44. g3 Rb6 45. f4 Kf6 46. f5 h5 47. g4 hxg4 48. hxg4 Ke7 49. e5 f6 50. e6 Kd6 51. Kf2 Rb8 52. Ke3 Rb7 53. Ke4 Rb8 54. Kd4 Rb6 55. Rd5+ Kc6 56. e7 1-0